[Event "SVK-chT1W 1920"]
[Site "Slovakia"]
[Date "2020.06.21"]
[Round "11.7"]
[White "Urbanic, Martin"]
[Black "Szabo, Viktor"]
[Result "1-0"]
[WhiteElo "2056"]
[BlackElo "1501"]
[PlyCount "43"]
[EventDate "2019.10.12"]
[EventType "team-tourn"]
[EventRounds "11"]
[EventCountry "SVK"]
[SourceTitle "EXT 2022"]
[Source "ChessBase"]
[SourceDate "2021.10.06"]
[SourceVersion "1"]
[SourceVersionDate "2021.10.06"]
[SourceQuality "1"]
[WhiteTeam "Povazska Bystrica"]
[BlackTeam "Orechova Poton"]
[WhiteTeamCountry "SVK"]
[BlackTeamCountry "SVK"]

1. e4 c5 2. c4 Nc6 3. Nc3 d6 4. g3 Nd4 5. Bg2 Nf6 6. d3 e6 7. Nge2 a6 8. 0-0 Rb8 9. Nxd4 cxd4 10. Ne2 e5 11. a4 Bd7 12. b4 b5 13. cxb5 axb5 14. a5 d5 15. exd5 Bxb4 16. f4 Bc3 17. Nxc3 dxc3 18. fxe5 Bg4 19. Qb3 Nd7 20. e6 fxe6 21. dxe6 Nf6 22. Bc6+ 1-0

[Event "SVK-chT4 A22 1718"]
[Site "Slovakia"]
[Date "2018.02.25"]
[Round "10.1"]
[White "Hornak, Pavol"]
[Black "Szabo, Viktor"]
[Result "1-0"]
[WhiteElo "1781"]
[BlackElo "1529"]
[PlyCount "85"]
[EventDate "2017.10.01"]
[EventType "team-tourn"]
[EventRounds "11"]
[EventCountry "SVK"]
[SourceTitle "EXT 2020"]
[Source "ChessBase"]
[SourceDate "2019.10.17"]
[SourceVersion "1"]
[SourceVersionDate "2019.10.17"]
[SourceQuality "1"]

1. d4 d5 2. c4 c6 3. e3 Nf6 4. Nf3 Bg4 5. h3 Bxf3 6. Qxf3 Nbd7 7. Nc3 e6 8. Bd3 Bb4 9. 0-0 Bxc3 10. bxc3 0-0 11. cxd5 cxd5 12. c4 Nb6 13. c5 Na4 14. Qd1 Qd7 15. Qb3 a6 16. Ba3 Rfb8 17. Rfc1 b5 18. Bc2 Ne4 19. Bxe4 dxe4 20. Qc2 Qc6 21. Bb4 a5 22. Bd2 b4 23. Rab1 Rb7 24. a3 Rab8 25. axb4 axb4 26. Rb3 f5 27. Qc4 Kf7 28. Rcb1 Nb6 29. Qxb4 Nd5 30. Qa3 Rxb3 31. Rxb3 Rxb3 32. Qxb3 h6 33. Ba5 Qa6 34. Bd8 Qa1+ 35. Kh2 Qf1 36. Qb7+ Kg6 37. Bh4 f4 38. exf4 Kf5 39. Qxg7 e3 40. Qe5+ Kg6 41. fxe3 Qc4 42. Qxe6+ Kh7 43. Qf7+ 1-0